Piłka nożna - Real Madryt - nagła śmierć - Statystyki

Ogólne statystyki
  • Ten quiz został rozwiązany 2 994 razy
  • Średni wynik to 31 z 42
Answers on the Grid
Answers color-coded by a green-red scale on the quiz's grid according to % correct below.
Jerzy Dudek
Robert Lewandowski
Cristiano Ronaldo
Segio Ramos
Raphael Varane
Keylor Navas
Lionel Messi
Paolo Rossi
Eduardo Camavinga
Rodri
David Beckham
Kaka
Luka Modrić
Mateo Kovacić
Paul Scholes
Samuel Eto'o
Federico Valverde
Rodrygo
Vinicius Junior
Endrick
Bojan Krkić
Gonzalo Higuain
Fabio Cannavaro
Iker Casillas
Marco Asensio
Arturo Vidal
Raul Asencio
Alexis Sanchez
Ferland Mendy
Thibaut Courtois
Romelu Lukaku
Eden Hazard
Santiago Bernabeu
Arjen Robben
Angel Di Maria
Lisandro Martinez
Antony
Dani Carvajal
Michael Olise
Toni Kroos
Edinson Cavani
Luis Suarez
Ronaldo Nazario
Raul
Fernando Morientes
Ryan Gravenberch
Fernando Torres
Zlatan Ibrahimović
Xavi
Jude Bellingham
Arda Guler
Thomas Muller
Casemiro
Lucio
Ruud van Nistelrooy
Christian Eriksen
Raphael Leao
Luis Figo
Jesus Vallejo
Miralem Pjanić
Edin Dzeko
Karim Benzema
Lucas Vazquez
Aurelin Tchouameni
Dani Ceballos
Frank Lampard
Ngolo Kante
Joselu
 
Statystyki odpowiedzi
Odpowiedź % Poprawnych
Cristiano Ronaldo
96%
Segio Ramos
96%
Keylor Navas
91%
Raphael Varane
91%
Eduardo Camavinga
90%
Jerzy Dudek
90%
Luka Modrić
88%
Federico Valverde
85%
Vinicius Junior
85%
David Beckham
84%
Rodrygo
84%
Endrick
83%
Iker Casillas
83%
Kaka
82%
Marco Asensio
80%
Thibaut Courtois
78%
Toni Kroos
77%
Dani Carvajal
76%
Eden Hazard
76%
Ferland Mendy
76%
Raul Asencio
75%
Angel Di Maria
73%
Ronaldo Nazario
73%
Raul
72%
Gonzalo Higuain
68%
Jude Bellingham
68%
Mateo Kovacić
68%
Santiago Bernabeu
68%
Arda Guler
66%
Casemiro
66%
Karim Benzema
65%
Luis Figo
65%
Aurelin Tchouameni
64%
Fabio Cannavaro
64%
Dani Ceballos
63%
Lucas Vazquez
63%
Joselu
62%
Fernando Morientes
54%
Jesus Vallejo
54%
Arjen Robben
53%
Ruud van Nistelrooy
44%
Samuel Eto'o
43%
Nie znaleziono quizów pasujących do podanych kryteriów
Rozkład punktacji
Procent ludzi z każdym wynikiem
Percentyl według liczby udzielonych odpowiedzi
Twoja historia wyników
Nie rozwiązałeś tego quizu